El pensamiento económico hispanoamericano en Baquijano y Carrillo / (Record no. 13823)
[ view plain ]
| 000 -CABECERA | |
|---|---|
| campo de control de longitud fija | 00906cam a2200217 a 4500 |
| 001 - NÚMERO DE CONTROL | |
| campo de control | 000014224 |
| 003 - IDENTIFICADOR DEL NÚMERO DE CONTROL | |
| campo de control | DO-SdBNP |
| 005 - FECHA Y HORA DE LA ÚLTIMA TRANSACCIÓN | |
| campo de control | 20250707114550.0 |
| 008 - DATOS DE LONGITUD FIJA--INFORMACIÓN GENERAL | |
| campo de control de longitud fija | 791218s1976 ve a b f000 0 spa |
| 040 ## - FUENTE DE LA CATALOGACIÓN | |
| Centro catalogador/agencia de origen | DO-SdBNP |
| Lengua de catalogación | spa |
| Centro/agencia transcriptor | BNPHU |
| 100 1# - ENTRADA PRINCIPAL--NOMBRE DE PERSONA | |
| Nombre de persona | Arcila Farías, Eduardo, |
| Numeración | 1947- |
| 9 (RLIN) | 32137 |
| 245 13 - MENCIÓN DE TÍTULO | |
| Título | El pensamiento económico hispanoamericano en Baquijano y Carrillo / |
| Mención de responsabilidad, etc. | Eduardo Arcila Farías. |
| 260 ## - PUBLICACIÓN, DISTRIBUCIÓN, ETC. | |
| Lugar de publicación, distribución, etc. | Caracas : |
| Nombre del editor, distribuidor, etc. | Consejo Nacional de la Cultura ; |
| -- | Centro de Estudios Latinoamericanos¨Rómulo Gallegos¨, |
| Fecha de publicación, distribución, etc. | 1976. |
| 300 ## - DESCRIPCIÓN FÍSICA | |
| Extensión | 150 p. : |
| Otras características físicas | il. ; |
| Dimensiones | 23 cm. |
| 490 0# - MENCIÓN DE SERIE | |
| Mención de serie | Repertorio americano |
| 500 ## - NOTA GENERAL | |
| Nota general | "Disertacion historica y politica sobre el comercio del Peru": p. 65-120. |
| 504 ## - NOTA DE BIBLIOGRAFÍA, ETC. | |
| Nota de bibliografía, etc. | Incluye referencias bibliográficas y notas al pie de las páginas. |
| 600 10 - PUNTO DE ACCESO ADICIONAL DE MATERIA--NOMBRE DE PERSONA | |
| Nombre de persona | Baquíjano y Carrillo, José, |
| Fechas asociadas al nombre | 1751-1817 |
| 9 (RLIN) | 32138 |
| 651 ## - PUNTO DE ACCESO ADICIONAL DE MATERIA--NOMBRE GEOGRÁFICO | |
| Nombre geográfico | Perú |
| Subdivisión general | Condiciones económicas |
| 9 (RLIN) | 32235 |
| 942 ## - ELEMENTOS DE PUNTO DE ACCESO ADICIONAL (KOHA) | |
| Fuente del sistema de clasificación o colocación | Dewey Decimal Classification |
| Tipo de ítem Koha | Libro |
| Estado de retiro | Estado de pérdida | Restricciones de uso | No para préstamo | Código de colección | Localización permanente | Ubicación/localización actual | Ubicación en estantería | Fecha de adquisición | Número de inventario | Total de préstamos | Signatura topográfica completa | Código de barras | Fecha visto por última vez | Precio válido a partir de | Tipo de ítem Koha |
|---|---|---|---|---|---|---|---|---|---|---|---|---|---|---|---|
| Préstamo interno | Monografías: Libros y Folletos | General | General | En catalogación | 07.12.2009 | LF1 | NN A674p | 14224-10 | 25.06.2020 | 25.06.2020 | Préstamo interno |
